| 000 | 00516cam a2200193ua 4500 | ||
|---|---|---|---|
| 020 |
_a81 203 1378 X _c195.00 |
||
| 041 |
_aeng _h |
||
| 082 |
_a628.11 _bHAM/WA |
||
| 100 | _aHammer, Mark J . | ||
| 245 |
_aWater and waste water technology / _cMark J Hammer. _hTextual Documents |
||
| 250 |
_a3 / _b. |
||
| 260 |
_aNew Delhi : _bPrentice Hall of India Pvt Ltd. , _c1998. |
||
| 300 | _a519 ; . | ||
| 365 | _a195.00 | ||
| 504 | _a | ||
| 700 | 1 | _aHammer, Mark J . | |
| 942 | _cBK | ||
| 999 |
_c9220 _d9220 |
||